Regionálna politika Slovenskej republiky v programovacom období 2006 - 2017
Skupina expertov vypracovala návrh Národného strategického referenčného rámca 2007-2013. Jedným z výstupov práce expertov je "Návrh strategického cieľa a priorít SR prepojených na kohéznu politiku EÚ pre budúce programovacie obdobie 2007-2013". Hlavným strategickým cieľom je výrazne zvýšiť do roku 2...
Salvato in:
| Autore principale: | |
|---|---|
| Natura: | Capitolo di libro |
| Lingua: | slovacco |
| Soggetti: | |
| Tags: |
Nessun Tag, puoi essere il primo ad aggiungerne!!
|
MARC
| LEADER | 00000naa$a2200000$$$4500 | ||
|---|---|---|---|
| 001 | 0053471 | ||
| 005 | 20240502071623.0 | ||
| 041 | 0 | |a slo | |
| 044 | |a SK | ||
| 245 | 1 | 0 | |a Regionálna politika Slovenskej republiky v programovacom období 2006 - 2017 |c Roden Oravec |
| 520 | |a Skupina expertov vypracovala návrh Národného strategického referenčného rámca 2007-2013. Jedným z výstupov práce expertov je "Návrh strategického cieľa a priorít SR prepojených na kohéznu politiku EÚ pre budúce programovacie obdobie 2007-2013". Hlavným strategickým cieľom je výrazne zvýšiť do roku 2013 konkurencieschopnosť a výkonnosť regiónov a slovenskej ekonomiky pri rešpektovaní trvalo udržateľného rozvoja. Pre splnenie tohto strategického cieľa boli vytýčené nasledovné ciele: konvergencia, regionálna konkurencieschopnosť a zamestnanosť, európska teritoriálna spolupráca. | ||
| 610 | 2 | 0 | |a politika regionálna |
| 610 | 2 | 0 | |a rozvoj regionálny |
| 610 | 2 | 0 | |a Slovensko |
| 610 | 2 | 0 | |a konkurencieschopnosť |
| 610 | 2 | 0 | |a výkonnosť |
| 610 | 2 | 0 | |a zamestnanosť |
| 610 | 2 | 0 | |a spolupráca hospodárska medzinárodná |
| 100 | 1 | |a Oravec, Roden | |